Vyaparvishayak Kayade Ani Audhyogik Kayade ( Pachavi Avrutti ) (Record no. 807847)

MARC details
000 -LEADER
fixed length control field 00561nam a2200193Ia 4500
008 - FIXED-LENGTH DATA ELEMENTS--GENERAL INFORMATION
fixed length control field 101110s9999 xx 000 0 und d
041 ## - LANGUAGE CODE
Language code of text/sound track or separate title MARATHI
082 ## - DEWEY DECIMAL CLASSIFICATION NUMBER
Item number SR13683
100 ## - MAIN ENTRY--PERSONAL NAME
Personal name Joshi B.D.
245 ## - TITLE STATEMENT
Title Vyaparvishayak Kayade Ani Audhyogik Kayade ( Pachavi Avrutti )
365 ## - TRADE PRICE
Price amount 15
520 ## - SUMMARY, ETC.
Summary, etc Commerce
546 ## - LANGUAGE NOTE
Language note MARATHI
630 ## - SUBJECT ADDED ENTRY--UNIFORM TITLE
Uniform title Vyaparvishayak Kayade Ani Audhyogik Kayade ( Pachavi Avrutti )
650 ## - SUBJECT ADDED ENTRY--TOPICAL TERM
Topical term or geographic name as entry element Commerce
655 ## - INDEX TERM--GENRE/FORM
Genre/form data or focus term Commerce
730 ## - ADDED ENTRY--UNIFORM TITLE
Uniform title Vyaparvishayak Kayade Ani Audhyogik Kayade ( Pachavi Avrutti )
942 ## - ADDED ENTRY ELEMENTS (KOHA)
Koha item type Book
Holdings
Withdrawn status Lost status Damaged status Not for loan Home library Current library Date acquired Cost, normal purchase price Total Checkouts Barcode Date last seen Price effective from Koha item type
        D. B. J. College, Chiplun D. B. J. College, Chiplun 11/11/2010 15.00   DBJSR13683 11/11/2010 11/11/2010 Book